| 000 | 00597cam a22002171 4500 | ||
|---|---|---|---|
| 001 | ca 36000219 | ||
| 003 | DLC | ||
| 005 | 20260227111140.0 | ||
| 008 | 790209s1936 xx 000 0 eng | ||
| 010 | _aca 36000219 | ||
| 035 | _a(OCoLC)4634676 | ||
| 040 |
_aDLC _cOCl _dDLC |
||
| 042 | _apremarc | ||
| 050 | 0 | 0 |
_aPN6120.R4 _bB97 |
| 082 | _a812.5 | ||
| 100 | 1 | _aButler, Byron T. | |
| 245 | 1 | 4 |
_aThe wayfarer, _cby Byron T. Butler. |
| 260 |
_aBoston, Mass., _aLos Angeles, Cal. _b[Walter H. Baker company, _cc1936] |
||
| 300 |
_a23 p. _c19 cm. |
||
| 490 | 0 | _aBaker's religious plays and pageants | |
| 999 |
_c18039 _d18039 |
||